Statystyki dla Piłkarska kariera Ronaldo.

Kliknij tutaj aby rozwiązać quiz!

Ogólne statystyki

  • Ten quiz został rozwiązany 313 razy
  • Średni wynik to 4 z 8

Statystyki odpowiedzi

LataDrużyna% Poprawnych
2002-2007Real Madryt
100%
1997-2002Inter
78%
1996-1997Barcelona
77%
2007-2008Milan
71%
1994-1996PSV
36%
2009-2011Corinthians
20%
1993-1994Cruzeiro
14%
?Sao Cristovao
2%

Rozkład punktacji

Percentyl według liczby udzielonych odpowiedzi

Procent ludzi z każdym wynikiem

Twoja historia wyników

Nie rozwiązałeś tego quizu